| 000 | 00933nam a22003017a 4500 | ||
|---|---|---|---|
| 001 | BR2016001275 | ||
| 003 | BR-BrBNA | ||
| 005 | 20230928104834.0 | ||
| 007 | ta | ||
| 008 | 230509b bl.||||| |||| 00| 0 por d | ||
| 040 |
_aBR-BrBNA _bpor _cBiblioteca Nacional de Agricultura |
||
| 041 | _a(Por) | ||
| 072 | _aM01; P01 | ||
| 090 | _ M01 BR2016001275 | ||
| 100 | 1 | _aDias, H. (org.) | |
| 100 | 1 | _aMáximo, N. (org.) | |
| 110 | 1 |
_aConselho Nacional da Reserva da Biosfera da Mata Atlântica, São Paulo, SP (Brasil) _92652 |
|
| 245 | 1 |
_aConservação marinha e ordenamento pesqueiro _bSérie Conservação e Áreas Protegidas. Caderno nº 40 |
|
| 260 | 3 |
_aSão Paulo, SP (Brasil): _c2010. |
|
| 300 | _a60p. | ||
| 500 | _a2 ref.; 8 illus | ||
| 650 | _aCONSERVAÇÃO | ||
| 650 | _aDESENVOLVIMENTO SUSTENTÁVEL | ||
| 650 | _aPOLÍTICA NACIONAL | ||
| 650 | _aPESCA | ||
| 909 |
_a202309 _bLucia _c55 _dLucia Elande |
||
| 942 | _cBK | ||
| 999 |
_c82008 _d82008 |
||